| 000 | 00608nam a2200169 a 4500 | ||
|---|---|---|---|
| 005 | 20210219160208.0 | ||
| 008 | 080924s2000 mx r 000 0 spa d | ||
| 035 | _aUPN01000160642 | ||
| 049 | _aUNE | ||
| 080 | _aOC 341.17: 362.8 (7/8) "1983" ACU | ||
| 245 | 0 | 0 | _aAcuerdo constitutivo del Centro Latinoamericano y del Caribe de la Juventud. |
| 260 | _aGuatemala : Centro Latinoamericano y del Caribe de la Juventud, 1983. | ||
| 300 | _apág. irregular.; 28 cm. | ||
| 690 | _aOrganizaciones juveniles- America Latina | ||
| 710 | 2 | _aCentro Latinoamericano y del Caribe de la Juventud. | |
| 905 | _aUNESCO | ||
| 999 |
_c132755 _d132755 |
||